[Event "POL-chT 2nd League"]
[Site "Szklarska Poreba"]
[Date "2017.09.10"]
[Round "9.17"]
[White "Gumula, Daniel"]
[Black "Baumann, Dariusz"]
[Result "1/2-1/2"]
[WhiteElo "2260"]
[BlackElo "2067"]
[PlyCount "88"]
[EventDate "2017.09.02"]
[EventType "team-swiss"]
[EventRounds "9"]
[EventCountry "POL"]
[SourceTitle "CBM 180 Extra"]
[Source "ChessBase"]
[SourceDate "2017.10.06"]
[SourceVersion "1"]
[SourceVersionDate "2017.10.06"]
[SourceQuality "1"]
[WhiteTeam "Jaworzno"]
[BlackTeam "Wloclawek 1938"]
[WhiteTeamCountry "POL"]
[BlackTeamCountry "POL"]

1. d4 d5 2. c4 c6 3. Nf3 Nf6 4. Nc3 e6 5. e3 Nbd7 6. Qc2 Bd6 7. Bd3 0-0 8. 0-0 dxc4 9. Bxc4 b5 10. Bd3 Bb7 11. Ne4 Nxe4 12. Bxe4 f5 13. Bd3 c5 14. Be2 c4 15. a4 a6 16. b3 Rc8 17. axb5 axb5 18. bxc4 Rf6 19. g3 bxc4 20. Ba3 Bb8 21. Nd2 Rh6 22. f4 Nf6 23. Bf3 Nd5 24. Rae1 g5 25. Rf2 Ba7 26. fxg5 Qxg5 27. Nf1 Kh8 28. Bd6 Rg6 29. Be5+ Kg8 30. Qa4 Bb8 31. Qd7 Bxe5 32. Qxb7 Rb8 33. Qc6 Ne7 34. Qxc4 Bg7 35. Bg2 Rf8 36. Ra1 h5 37. Ra6 Qh6 38. Qc7 Rf7 39. Ra7 Bf8 40. d5 Rgg7 41. dxe6 Qxe6 42. Qd7 Qg6 43. Bd5 Nxd5 44. Qxd5 Kh7 1/2-1/2

[Event "POL-chT 2nd League"]
[Site "Szklarska Poreba"]
[Date "2017.09.02"]
[Round "1.16"]
[White "Baumann, Dariusz"]
[Black "Tomaszewski, Kacper"]
[Result "1/2-1/2"]
[WhiteElo "2067"]
[BlackElo "2221"]
[PlyCount "69"]
[EventDate "2017.09.02"]
[EventType "team-swiss"]
[EventRounds "9"]
[EventCountry "POL"]
[SourceTitle "CBM 180 Extra"]
[Source "ChessBase"]
[SourceDate "2017.10.06"]
[SourceVersion "1"]
[SourceVersionDate "2017.10.06"]
[SourceQuality "1"]
[WhiteTeam "Wloclawek 1938"]
[BlackTeam "Rybnik"]
[WhiteTeamCountry "POL"]
[BlackTeamCountry "POL"]

1. d4 d5 2. c4 e6 3. Nc3 Nf6 4. Bg5 Nbd7 5. e3 h6 6. Bh4 Be7 7. Bd3 a6 8. cxd5 exd5 9. Qc2 0-0 10. Nge2 c5 11. 0-0 c4 12. Bf5 b5 13. a3 Nb6 14. f3 Bd7 15. Bxd7 Qxd7 16. e4 Ne8 17. Bxe7 Qxe7 18. e5 Nc7 19. Ng3 Qd7 20. Nf5 Ne6 21. Ne2 a5 22. Qd2 Ng5 23. g4 f6 24. h4 Ne6 25. f4 Nc8 26. Rf3 fxe5 27. fxe5 h5 28. gxh5 Ne7 29. Neg3 Nxf5 30. Nxf5 Rf7 31. Raf1 Raf8 32. Qg2 Kh8 33. Kh2 b4 34. axb4 axb4 35. Qg4 1/2-1/2

[Event "Rubinstein Memorial-A 53rd"]
[Site "Polanica Zdroj"]
[Date "2017.08.22"]
[Round "4"]
[White "Baumann, Dariusz"]
[Black "Voloshin, Leonid"]
[Result "1/2-1/2"]
[WhiteElo "2067"]
[BlackElo "2369"]
[PlyCount "60"]
[EventDate "2017.08.19"]
[EventType "swiss"]
[EventRounds "9"]
[EventCountry "POL"]
[SourceTitle "CBM 180 Extra"]
[Source "ChessBase"]
[SourceDate "2017.10.06"]
[SourceVersion "1"]
[SourceVersionDate "2017.10.06"]
[SourceQuality "1"]

1. d4 Nf6 2. Nf3 e6 3. c4 Bb4+ 4. Bd2 Qe7 5. g3 Nc6 6. Bg2 Bxd2+ 7. Nbxd2 d6 8. 0-0 a5 9. h3 0-0 10. e4 e5 11. d5 Nb8 12. Ne1 Na6 13. Nd3 c6 14. Qe2 Bd7 15. f4 exf4 16. Nxf4 Nc5 17. Rae1 Rfe8 18. b3 Qe5 19. Nf3 Qc3 20. Rc1 Qb4 21. e5 cxd5 22. Qb2 dxe5 23. Nxe5 Qb6 24. Kh2 dxc4 25. Nxc4 Qc7 26. Qf2 Be6 27. Rfd1 Rad8 28. Rxd8 Rxd8 29. Nxa5 Qxa5 30. Rxc5 Qa6 1/2-1/2

[Event "Baltic Cup"]
[Site "Darlowko"]
[Date "2017.06.25"]
[Round "1"]
[White "Baumann, Dariusz"]
[Black "Goluch, Piotr"]
[Result "0-1"]
[WhiteElo "2067"]
[BlackElo "2252"]
[PlyCount "66"]
[EventDate "2017.06.25"]
[EventType "swiss"]
[EventRounds "9"]
[EventCountry "POL"]
[SourceTitle "EXT 2018"]
[Source "ChessBase"]
[SourceDate "2017.10.13"]
[SourceVersion "1"]
[SourceVersionDate "2017.10.13"]
[SourceQuality "1"]

1. d4 Nf6 2. c4 c5 3. d5 b5 4. cxb5 a6 5. bxa6 g6 6. Nc3 Bxa6 7. Nf3 d6 8. g3 Nbd7 9. Rb1 Bg7 10. Bg2 0-0 11. 0-0 Nb6 12. b3 Bb7 13. e4 e6 14. Nh4 exd5 15. exd5 Nh5 16. Bb2 Nf4 17. Qd2 Nxg2 18. Nxg2 Nd7 19. Ne3 Ba6 20. Rfd1 Ne5 21. Kg2 Nd3 22. Ba1 f5 23. f4 Qe7 24. Nc4 Nb4 25. Re1 Qc7 26. Re6 Rfd8 27. Rbe1 Bf8 28. a3 Bxc4 29. axb4 Bxb3 30. Qb2 Bc4 31. b5 Qg7 32. Qc1 Qb7 33. Qb2 Rd7 0-1

[Event "POL-chT3 Kujawsko Pomorskie 1617"]
[Site "Poland"]
[Date "2017.??.??"]
[Round "5.1"]
[White "Cwik, Jakub"]
[Black "Baumann, Dariusz"]
[Result "0-1"]
[WhiteElo "1837"]
[BlackElo "2074"]
[PlyCount "90"]
[EventDate "2016.11.06"]
[EventType "team-tourn"]
[EventRounds "9"]
[EventCountry "POL"]
[SourceTitle "EXT 2018"]
[Source "ChessBase"]
[SourceDate "2017.10.13"]
[SourceVersion "1"]
[SourceVersionDate "2017.10.13"]
[SourceQuality "1"]

1. d4 d5 2. c4 c6 3. Nf3 Nf6 4. Nc3 a6 5. cxd5 cxd5 6. Bf4 Nc6 7. e3 Bf5 8. Be2 h6 9. 0-0 e6 10. Qb3 Ra7 11. Ne5 Nxe5 12. Bxe5 Nd7 13. Bg3 Be7 14. f3 Bg6 15. e4 dxe4 16. fxe4 0-0 17. Bf3 b5 18. a4 b4 19. Ne2 Nf6 20. Qe3 Rd7 21. Nf4 Rxd4 22. Nxg6 fxg6 23. Qb3 Qd7 24. Be5 Rd3 25. Qc4 a5 26. Rfd1 Rxd1+ 27. Rxd1 Qc8 28. Qb5 Rd8 29. Rxd8+ Bxd8 30. Qb8 Qc1+ 31. Kf2 Qd2+ 32. Kf1 Kh7 33. Qd6 Qc1+ 34. Ke2 Qc8 35. Kd1 Ne8 36. Qd3 Bg5 37. Ke2 Nf6 38. g3 Qc1 39. Qd4 Nd7 40. Bxg7 e5 41. Qxd7 Qe3+ 42. Kd1 Qxf3+ 43. Kc2 b3+ 44. Kb1 Qf1+ 45. Qd1 Qxd1# 0-1

[Event "POL-chT3 Kujawsko Pomorskie 1516"]
[Site "Poland"]
[Date "2016.02.14"]
[Round "6"]
[White "Michalak, Jacek"]
[Black "Baumann, Dariusz"]
[Result "0-1"]
[WhiteElo "1635"]
[BlackElo "2134"]
[PlyCount "84"]
[EventDate "2015.11.08"]
[EventType "team-tourn"]
[EventRounds "9"]
[EventCountry "POL"]
[SourceTitle "EXT 2019"]
[Source "ChessBase"]
[SourceDate "2018.10.10"]
[SourceVersion "1"]
[SourceVersionDate "2018.10.10"]
[SourceQuality "1"]

1. e4 c5 2. Bc4 e6 3. Nc3 a6 4. a4 Nc6 5. d3 Nge7 6. Bg5 f6 7. Bh4 d5 8. Bb3 d4 9. Nce2 Ng6 10. Bg3 Bd6 11. f4 0-0 12. Nf3 Kh8 13. 0-0 Qc7 14. Qd2 Bd7 15. Nh4 Nxh4 16. Bxh4 Na5 17. Ba2 b5 18. Be1 Nb7 19. a5 Rac8 20. Ng3 c4 21. c3 e5 22. dxc4 bxc4 23. f5 Bb5 24. Bf2 d3 25. Kh1 Nxa5 26. Nh5 Be8 27. Qd1 Rb8 28. Bh4 Qf7 29. g4 Rxb2 30. Qxd3 cxd3 31. Bxf7 Bxf7 32. Rxa5 Bc4 33. Rg1 h6 34. Ra4 Bb5 35. Raa1 Rc8 36. Nxf6 d2 37. g5 gxf6 38. gxh6 Rf8 39. Rg6 Be7 40. Rg7 Rc2 41. Rag1 Rc1 42. h7 d1Q 0-1

[Event "Krakow op-A 26th"]
[Site "Krakow"]
[Date "2016.01.02"]
[Round "6"]
[White "Krzywda, Andrzej"]
[Black "Baumann, Dariusz"]
[Result "1-0"]
[WhiteElo "2140"]
[BlackElo "2134"]
[PlyCount "93"]
[EventDate "2015.12.27"]
[EventType "swiss"]
[EventRounds "9"]
[EventCountry "POL"]
[SourceTitle "CBM 170 Extra"]
[Source "ChessBase"]
[SourceDate "2016.02.25"]
[SourceVersion "1"]
[SourceVersionDate "2016.02.25"]
[SourceQuality "1"]

1. e4 c6 2. d4 d5 3. exd5 cxd5 4. Bd3 Nc6 5. c3 Nf6 6. h3 Ne4 7. Nf3 g6 8. 0-0 Bg7 9. Bf4 0-0 10. Qe2 Nd6 11. Re1 f6 12. Nbd2 e5 13. dxe5 fxe5 14. Bg5 Qb6 15. Be3 Qc7 16. Bc2 e4 17. Nh2 Be6 18. Nb3 Nc4 19. Rac1 Be5 20. Ng4 Bf4 21. Nc5 Bxg4 22. Qxg4 Nxe3 23. fxe3 Bh2+ 24. Kh1 Rf5 25. Bb3 Kh8 26. Ne6 Qd6 27. Rcd1 Qxe6 28. Kxh2 Raf8 29. Bxd5 Qf6 30. Bxc6 Qxc6 31. Rd4 Re8 32. Red1 Qc7+ 33. Qg3 Qb6 34. b3 Qf6 35. c4 h5 36. Rd6 h4 37. Qxg6 Qxg6 38. Rxg6 Rf2 39. Rd5 Re7 40. Rg4 Re2 41. Rh5+ Rh7 42. Re5 Rg7 43. Re8+ Kh7 44. Rxh4+ Kg6 45. Rg4+ Kf7 46. Rxg7+ Kxg7 47. Rxe4 1-0

[Event "Wloclawek CC Classic 15th"]
[Site "Wloclawek"]
[Date "2016.??.??"]
[Round "2"]
[White "Baumann, Dariusz"]
[Black "Blajet, Radoslaw"]
[Result "1-0"]
[WhiteElo "2134"]
[BlackElo "1610"]
[PlyCount "91"]
[EventDate "2016.01.??"]
[EventType "swiss"]
[EventRounds "7"]
[EventCountry "POL"]
[SourceTitle "EXT 2021"]
[Source "ChessBase"]
[SourceDate "2020.10.23"]
[SourceVersion "1"]
[SourceVersionDate "2020.10.23"]
[SourceQuality "1"]

1. d4 Nf6 2. c4 e6 3. g3 d5 4. Nf3 c6 5. b3 Bb4+ 6. Bd2 Bxd2+ 7. Nbxd2 0-0 8. Bg2 Nbd7 9. 0-0 Re8 10. Re1 Qb6 11. e4 dxe4 12. Nxe4 Nxe4 13. Rxe4 Nf6 14. Re3 Rd8 15. Rd3 Bd7 16. Ne5 Be8 17. Qd2 a5 18. a3 Qc7 19. Rd1 c5 20. dxc5 Rxd3 21. Nxd3 Rd8 22. Qe1 e5 23. b4 Rd4 24. f4 Ba4 25. Rd2 Qd8 26. fxe5 Ng4 27. Bd5 Qg5 28. e6 Ne5 29. exf7+ Kf8 30. Re2 Rxd5 31. Rxe5 Rxe5 32. Qxe5 Qd8 33. Qd5 Qxd5 34. cxd5 Kxf7 35. Kf2 Kf6 36. Ke3 axb4 37. axb4 g5 38. Kd4 Bb5 39. Ne5 h5 40. d6 Ke6 41. d7 Ke7 42. Ke4 g4 43. Kf5 Ba4 44. Kg5 Bxd7 45. Nxd7 Kxd7 46. b5 1-0

[Event "Wloclawek CC Classic 15th"]
[Site "Wloclawek"]
[Date "2016.??.??"]
[Round "1"]
[White "Milecki, Robert"]
[Black "Baumann, Dariusz"]
[Result "0-1"]
[WhiteElo "1539"]
[BlackElo "2134"]
[PlyCount "102"]
[EventDate "2016.01.??"]
[EventType "swiss"]
[EventRounds "7"]
[EventCountry "POL"]
[SourceTitle "EXT 2021"]
[Source "ChessBase"]
[SourceDate "2020.10.23"]
[SourceVersion "1"]
[SourceVersionDate "2020.10.23"]
[SourceQuality "1"]

1. e4 e6 2. d4 d5 3. Nc3 Bb4 4. e5 c5 5. a3 Bxc3+ 6. bxc3 Ne7 7. f4 Nbc6 8. Nf3 Bd7 9. Be2 Nf5 10. Bd3 Nh4 11. Nxh4 Qxh4+ 12. g3 Qd8 13. Be3 c4 14. Be2 0-0 15. 0-0 f6 16. exf6 Rxf6 17. g4 Rf8 18. Rf2 Qe7 19. Qd2 Nd8 20. Bf3 Bc6 21. h4 Nf7 22. g5 Nd6 23. h5 a5 24. Bg2 Be8 25. Qe2 Nf5 26. Bd2 Ba4 27. Re1 Rae8 28. Bc1 b5 29. Qg4 Qd6 30. Re5 b4 31. axb4 axb4 32. cxb4 Nxd4 33. c3 Nc6 34. Re1 d4 35. Bxc6 Bxc6 36. cxd4 Qxd4 37. Rxe6 Qd5 38. Rxc6 Qxc6 39. f5 Re1+ 40. Rf1 Rxf1+ 41. Kxf1 Qh1+ 42. Kf2 Qxc1 43. f6 Qd2+ 44. Kg1 Qe3+ 45. Kh1 Qe1+ 46. Kg2 Qe5 47. Qxc4+ Kh8 48. fxg7+ Kxg7 49. h6+ Kh8 50. Qc1 Rg8 51. b5 Rxg5+ 0-1

[Event "Krakow op-A 26th"]
[Site "Krakow"]
[Date "2015.12.31"]
[Round "5"]
[White "Baumann, Dariusz"]
[Black "Kumor, Lukasz"]
[Result "0-1"]
[WhiteElo "2134"]
[BlackElo "2093"]
[PlyCount "224"]
[EventDate "2015.12.27"]
[EventType "swiss"]
[EventRounds "9"]
[EventCountry "POL"]
[SourceTitle "CBM 170 Extra"]
[Source "ChessBase"]
[SourceDate "2016.02.25"]
[SourceVersion "1"]
[SourceVersionDate "2016.02.25"]
[SourceQuality "1"]

1. d4 d5 2. c4 c6 3. e3 Nf6 4. Bd3 e6 5. Nf3 Nbd7 6. b3 Bb4+ 7. Bd2 Bd6 8. Nc3 dxc4 9. bxc4 e5 10. 0-0 0-0 11. Qc2 Qe7 12. h3 Re8 13. Ng5 h6 14. Nge4 Bc7 15. Ng3 exd4 16. Nf5 Qd8 17. exd4 Nb6 18. c5 Bxf5 19. Bxf5 Nbd5 20. Rab1 Rb8 21. Qa4 Nxc3 22. Bxc3 Qd5 23. Bd3 Qg5 24. Rbd1 Nd5 25. Bd2 Bf4 26. Be1 Bc7 27. g3 Nf4 28. Kh2 Ne2 29. Qc4 Nf4 30. Bd2 Qf6 31. gxf4 Bxf4+ 32. Kh1 Bxd2 33. Rxd2 Qf3+ 34. Kg1 Rbd8 35. Re2 Rxe2 36. Bxe2 Qxh3 37. Qb3 Qh4 38. Qg3 Qxg3+ 39. fxg3 Rxd4 40. Rd1 Rb4 41. Rd2 Kf8 42. Kf2 Ke7 43. Ke3 g6 44. Rd4 Rb2 45. Bc4 b5 46. cxb6 axb6 47. Rd2 Rb4 48. Rd4 f5 49. Bb3 Rb5 50. Kf4 c5 51. Rd2 Rb4+ 52. Kf3 c4 53. Rd4 b5 54. Bd1 Rb2 55. a3 c3 56. Rb4 c2 57. Bxc2 Rxc2 58. Rxb5 Rc3+ 59. Kf4 Rxa3 60. Rb7+ Kf6 61. Rb6+ Kf7 62. Rb7+ Ke8 63. Rh7 h5 64. Rg7 Ra4+ 65. Kf3 Rg4 66. Kf2 Kf8 67. Rh7 Kg8 68. Ra7 h4 69. gxh4 Rxh4 70. Kg3 Re4 71. Rb7 Kf8 72. Ra7 Re7 73. Ra6 Kg7 74. Kf4 Re4+ 75. Kf3 Kh6 76. Ra1 Kg5 77. Rg1+ Kf6 78. Ra1 g5 79. Ra6+ Re6 80. Ra5 Rb6 81. Ra3 g4+ 82. Kf4 Rb4+ 83. Kg3 Kg5 84. Ra5 Rb3+ 85. Kg2 Re3 86. Rb5 Kf4 87. Rb4+ Re4 88. Rb2 Ke3 89. Rb3+ Kd2 90. Rb2+ Kc3 91. Ra2 f4 92. Ra3+ Kd4 93. Ra4+ Ke5 94. Ra5+ Kf6 95. Kf2 Re5 96. Ra6+ Kf5 97. Ra8 g3+ 98. Kf3 Re3+ 99. Kg2 Re2+ 100. Kf1 Rf2+ 101. Kg1 Kg4 102. Rg8+ Kf3 103. Ra8 Re2 104. Ra3+ Re3 105. Ra1 Kg4 106. Ra4 Kh3 107. Ra1 f3 108. Rb1 f2+ 109. Kf1 Re1+ 110. Rxe1 fxe1R+ 111. Kxe1 Kh2 112. Kf1 g2+ 0-1

[Event "POL-chT3 Kujawsko Pomorskie 1516"]
[Site "Poland"]
[Date "2015.11.22"]
[Round "2"]
[White "Paprocki, Jaroslaw"]
[Black "Baumann, Dariusz"]
[Result "1-0"]
[WhiteElo "2169"]
[BlackElo "2134"]
[PlyCount "151"]
[EventDate "2015.11.08"]
[EventType "team-tourn"]
[EventRounds "9"]
[EventCountry "POL"]
[SourceTitle "EXT 2019"]
[Source "ChessBase"]
[SourceDate "2018.10.10"]
[SourceVersion "1"]
[SourceVersionDate "2018.10.10"]
[SourceQuality "1"]

1. d4 d5 2. Nf3 Nf6 3. e3 c5 4. b3 Nc6 5. Bb2 Bf5 6. Be2 h6 7. a3 e6 8. Nbd2 Be7 9. c4 cxd4 10. Nxd4 Nxd4 11. Bxd4 dxc4 12. Nxc4 0-0 13. f3 Nd7 14. e4 Bg6 15. b4 f6 16. Na5 e5 17. Bc4+ Bf7 18. Bxf7+ Rxf7 19. Bf2 b6 20. Nc6 Qe8 21. Qd5 Kh7 22. 0-0 Nf8 23. a4 Ng6 24. g3 Bf8 25. Rfd1 Rc8 26. b5 Ne7 27. Nxe7 Bxe7 28. Rac1 Rxc1 29. Rxc1 Bb4 30. Rc6 Rd7 31. Qc4 Rd1+ 32. Kg2 Bc5 33. Bxc5 bxc5 34. g4 Qd8 35. Qe6 Qd2+ 36. Kh3 Qf4 37. Qf5+ Qxf5 38. exf5 Rd4 39. Ra6 Rd7 40. Kg3 c4 41. Rc6 Rd4 42. Kf2 c3 43. Rxc3 Rxa4 44. Rc7 a6 45. b6 Rb4 46. b7 a5 47. h4 a4 48. g5 hxg5 49. hxg5 a3 50. gxf6 a2 51. Rxg7+ Kh8 52. b8Q+ Rxb8 53. Ra7 Rb6 54. Ke3 Rxf6 55. Ke4 Rf7 56. Rxa2 Kg7 57. Ra8 Rb7 58. Kxe5 Rb5+ 59. Kf4 Rb4+ 60. Kg5 Rb5 61. Ra4 Kf7 62. Rh4 Rb6 63. Rh7+ Kg8 64. Re7 Kf8 65. Rc7 Ra6 66. Rh7 Kg8 67. Rh6 Ra3 68. Rd6 Rxf3 69. Kf6 Rb3 70. Rd8+ Kh7 71. Kf7 Rb7+ 72. Kf8 Kh6 73. Rd6+ Kg5 74. f6 Rb8+ 75. Kg7 Rb7+ 76. f7 1-0

[Event "Lazy op 11th"]
[Site "Lazy"]
[Date "2015.07.07"]
[Round "9"]
[White "Baumann, Dariusz"]
[Black "Niekras, Dawid"]
[Result "1/2-1/2"]
[WhiteElo "2108"]
[BlackElo "2276"]
[PlyCount "93"]
[EventDate "2015.06.28"]
[EventType "swiss"]
[EventRounds "9"]
[EventCountry "POL"]
[SourceTitle "CBM 167 Extra"]
[Source "ChessBase"]
[SourceDate "2015.09.14"]
[SourceVersion "1"]
[SourceVersionDate "2015.09.14"]
[SourceQuality "1"]

1. d4 d5 2. c4 e6 3. Nc3 Nf6 4. cxd5 exd5 5. Bg5 Nbd7 6. e3 Be7 7. Bd3 Nb6 8. Qc2 Nh5 9. Bxe7 Qxe7 10. Nge2 g6 11. 0-0-0 Be6 12. Kb1 0-0-0 13. h3 Ng7 14. Na4 Nxa4 15. Qxa4 Kb8 16. Ka1 Bf5 17. Nc1 Rd6 18. Rhe1 h5 19. Bxf5 Nxf5 20. Nd3 Nh4 21. g3 Nf3 22. Rh1 h4 23. g4 f5 24. gxf5 gxf5 25. Qb3 Rg8 26. Nf4 Qe4 27. Rhf1 Rgd8 28. Qd3 c6 29. Rc1 Qxd3 30. Nxd3 Rg8 31. Nf4 Rd7 32. Rcd1 Kc7 33. Kb1 Kd6 34. Kc2 Rdg7 35. Kd3 Rg5 36. Rc1 R5g7 37. Ke2 Ng1+ 38. Kd2 Nf3+ 39. Kd3 a6 40. Ke2 Ng1+ 41. Kd2 Nf3+ 42. Kd3 Re7 43. Rcd1 Reg7 44. Ke2 Ng1+ 45. Kd2 Nf3+ 46. Kd3 Rg5 47. Ke2 1/2-1/2

[Event "Lazy op 11th"]
[Site "Lazy"]
[Date "2015.07.06"]
[Round "8"]
[White "Eggink, Mateusz"]
[Black "Baumann, Dariusz"]
[Result "0-1"]
[WhiteElo "2177"]
[BlackElo "2108"]
[PlyCount "76"]
[EventDate "2015.06.28"]
[EventType "swiss"]
[EventRounds "9"]
[EventCountry "POL"]
[SourceTitle "CBM 167 Extra"]
[Source "ChessBase"]
[SourceDate "2015.09.14"]
[SourceVersion "1"]
[SourceVersionDate "2015.09.14"]
[SourceQuality "1"]

1. e4 e5 2. Nf3 Nc6 3. d4 exd4 4. Bc4 Nf6 5. e5 d5 6. Bb5 Ne4 7. Nxd4 Bd7 8. Bxc6 bxc6 9. 0-0 Be7 10. f3 Ng5 11. f4 Ne4 12. c3 Qc8 13. Be3 0-0 14. Nd2 f5 15. Nxe4 fxe4 16. f5 a5 17. e6 Be8 18. g4 Qb7 19. b3 c5 20. Nc2 Bb5 21. Rf2 Rad8 22. Qc1 Bd3 23. Bg5 c6 24. Ne1 Ba6 25. c4 dxc4 26. bxc4 Rd4 27. Nc2 e3 28. Bxe3 Rxg4+ 29. Rg2 Rxg2+ 30. Kxg2 Bxc4 31. Rb1 Qa7 32. Qd2 Bd5+ 33. Kg3 Rxf5 34. Bf4 g5 35. Bb8 Rf3+ 36. Kg4 Qa6 37. Ne3 Rxe3 38. Qxe3 Qc4+ 0-1

[Event "Lazy op 11th"]
[Site "Lazy"]
[Date "2015.07.03"]
[Round "6"]
[White "Nowak, Lukasz1111"]
[Black "Baumann, Dariusz"]
[Result "0-1"]
[WhiteElo "2116"]
[BlackElo "2108"]
[PlyCount "68"]
[EventDate "2015.06.28"]
[EventType "swiss"]
[EventRounds "9"]
[EventCountry "POL"]
[SourceTitle "CBM 167 Extra"]
[Source "ChessBase"]
[SourceDate "2015.09.14"]
[SourceVersion "1"]
[SourceVersionDate "2015.09.14"]
[SourceQuality "1"]

1. e4 e5 2. Nf3 Nc6 3. Bb5 a6 4. Ba4 Nf6 5. 0-0 Be7 6. d3 b5 7. Bb3 0-0 8. Nc3 d6 9. a3 Na5 10. Ba2 c5 11. Nd5 Nc6 12. b4 Bg4 13. c3 Kh8 14. h3 Bh5 15. Bd2 Rc8 16. a4 cxb4 17. cxb4 Nxd5 18. Bxd5 Bxf3 19. Qxf3 Nd4 20. Qd1 Bg5 21. Bb7 Rc2 22. Be3 Bxe3 23. fxe3 Qg5 24. Qg4 Qxe3+ 25. Kh2 f6 26. Bxa6 g6 27. Bxb5 f5 28. Qg3 Qh6 29. Bd7 f4 30. Qe1 Re2 31. Qxe2 Nxe2 32. Bg4 f3 33. g3 Qe3 34. a5 h5 0-1

[Event "POL-chT3 Kujawsko Pomorskie 1314"]
[Site "Poland"]
[Date "2014.??.??"]
[Round "7.1"]
[White "Baumann, Dariusz"]
[Black "Lewandowski, Krzysztof"]
[Result "0-1"]
[WhiteElo "2101"]
[BlackElo "2113"]
[PlyCount "72"]
[EventDate "2013.11.03"]
[EventType "team-tourn"]
[EventRounds "11"]
[EventCountry "POL"]
[SourceTitle "EXT 2015"]
[Source "ChessBase"]
[SourceDate "2014.11.20"]
[SourceVersion "1"]
[SourceVersionDate "2014.11.20"]
[SourceQuality "1"]
[WhiteTeam "Wloclawek 1938"]
[BlackTeam "Bydgoszcz SSz Pocztowiec"]
[WhiteTeamCountry "POL"]
[BlackTeamCountry "POL"]

1. d4 Nf6 2. c4 g6 3. Nc3 Bg7 4. e4 d6 5. Nf3 0-0 6. h3 e5 7. d5 Na6 8. Bg5 h6 9. Be3 Nc5 10. Nd2 a5 11. g4 Bd7 12. Be2 Ne8 13. h4 f5 14. h5 fxg4 15. hxg6 Qf6 16. Nf1 Qxg6 17. Ng3 Nf6 18. Qc2 Nh7 19. 0-0-0 Ng5 20. Rh4 Nh3 21. Nf5 Rxf5 22. exf5 Bxf5 23. Qd2 h5 24. f3 Nf4 25. Bxf4 exf4 26. Rdh1 g3 27. Bf1 Re8 28. Rxh5 Re3 29. Nb5 Rxf3 30. Be2 Nd3+ 31. Bxd3 Bxd3 32. Qxa5 Rf1+ 33. Rxf1 Qxh5 34. Re1 f3 35. Qxc7 Bh6+ 36. Kd1 f2+ 0-1

[Event "POL-chT3 Kujawsko Pomorskie 1314"]
[Site "Poland"]
[Date "2014.??.??"]
[Round "9.6"]
[White "Sliwicki, Damian"]
[Black "Baumann, Dariusz"]
[Result "1-0"]
[WhiteElo "2127"]
[BlackElo "2101"]
[PlyCount "81"]
[EventDate "2013.11.03"]
[EventType "team-tourn"]
[EventRounds "11"]
[EventCountry "POL"]
[SourceTitle "EXT 2018"]
[Source "ChessBase"]
[SourceDate "2017.10.13"]
[SourceVersion "1"]
[SourceVersionDate "2017.10.13"]
[SourceQuality "1"]
[WhiteTeam "Torun UKS OPP"]
[BlackTeam "Wloclawek 1938"]
[WhiteTeamCountry "POL"]
[BlackTeamCountry "POL"]

1. e4 e5 2. Nc3 Nf6 3. g3 Bc5 4. Bg2 d6 5. Nf3 Nc6 6. d3 h6 7. h3 0-0 8. 0-0 a6 9. Be3 Bxe3 10. fxe3 Nh7 11. Nh4 g6 12. Kh2 Kg7 13. d4 Bd7 14. Qd2 Rc8 15. Rad1 f6 16. Nd5 Rf7 17. c4 Be8 18. Qc3 Ne7 19. c5 Nxd5 20. exd5 Re7 21. dxe5 Rxe5 22. Nf3 Re7 23. Nd4 Bf7 24. c6 b6 25. h4 Re5 26. e4 Qe7 27. Qd3 Re8 28. Qxa6 Rxe4 29. Bxe4 Qxe4 30. Rfe1 Qxe1 31. Rxe1 Rxe1 32. Qc8 Re7 33. Qd8 Re4 34. Ne6+ Bxe6 35. dxe6 f5 36. Qxc7+ Kh8 37. Qd8+ Kg7 38. Qe7+ Kh8 39. c7 Rc4 40. Qe8+ Kg7 41. c8Q 1-0

[Event "POL-chT3 Kujawsko Pomorskie 1213"]
[Site "Poland"]
[Date "2013.02.10"]
[Round "8.2"]
[White "Halas, Przemyslaw"]
[Black "Baumann, Dariusz"]
[Result "0-1"]
[WhiteElo "2036"]
[BlackElo "2102"]
[PlyCount "88"]
[EventDate "2012.11.04"]
[EventType "team-tourn"]
[EventRounds "11"]
[EventCountry "POL"]
[SourceTitle "EXT 2015"]
[Source "ChessBase"]
[SourceDate "2014.11.20"]
[SourceVersion "1"]
[SourceVersionDate "2014.11.20"]
[SourceQuality "1"]
[WhiteTeam "Inowroclaw OSiR Pozkal"]
[BlackTeam "Wloclawek 1938"]
[WhiteTeamCountry "POL"]
[BlackTeamCountry "POL"]

1. e4 e5 2. Nf3 Nc6 3. Bc4 Nf6 4. Ng5 d5 5. exd5 Na5 6. Bb5+ c6 7. dxc6 bxc6 8. Bd3 Bd6 9. c3 0-0 10. b4 e4 11. Be2 Nb7 12. d4 h6 13. Nh3 Nd5 14. a3 Qh4 15. c4 Bxh3 16. g3 Qd8 17. cxd5 cxd5 18. Nc3 Be6 19. Be3 f5 20. Qb3 a5 21. b5 f4 22. gxf4 Bxf4 23. Nxe4 a4 24. Qa2 Qh4 25. Bxf4 Qxf4 26. f3 Rae8 27. Ng3 Qxd4 28. Rd1 Qb6 29. Qb2 Nc5 30. Qd4 Qa5+ 31. Qb4 Qb6 32. Qd4 Qd6 33. 0-0 Nb3 34. Qb2 Bh3 35. Rf2 Qc5 36. Rd3 Re7 37. Rc3 Qa7 38. Rxb3 axb3 39. Qxb3 Qd4 40. a4 Rfe8 41. Qa2 Rc7 42. Bf1 Rc1 43. Qd2 Qc5 44. Qd3 Ree1 0-1

[Event "Wloclawek-ch"]
[Site "Wloclawek"]
[Date "2012.??.??"]
[Round "9"]
[White "Augustowski, Janusz"]
[Black "Baumann, Dariusz"]
[Result "1/2-1/2"]
[WhiteElo "1895"]
[BlackElo "2102"]
[PlyCount "95"]
[EventDate "2012.09.??"]
[EventType "swiss"]
[EventRounds "9"]
[EventCountry "POL"]
[SourceTitle "EXT 2021"]
[Source "ChessBase"]
[SourceDate "2020.10.23"]
[SourceVersion "1"]
[SourceVersionDate "2020.10.23"]
[SourceQuality "1"]

1. d4 d5 2. c4 c6 3. cxd5 cxd5 4. Nc3 Nf6 5. Nf3 Nc6 6. Bf4 g6 7. e3 a6 8. Be2 Bg7 9. Ne5 Bd7 10. 0-0 0-0 11. Bf3 e6 12. Nxc6 Bxc6 13. Be5 Nd7 14. Bxg7 Kxg7 15. e4 dxe4 16. Nxe4 Qb6 17. Qd2 Rad8 18. Rfd1 Bxe4 19. Bxe4 Nf6 20. Bf3 Rd6 21. Rac1 Rfd8 22. Rc4 a5 23. b4 a4 24. Qc3 Kg8 25. a3 R8d7 26. g3 Nd5 27. Bxd5 Rxd5 28. f4 f6 29. Qe3 e5 30. fxe5 fxe5 31. Qf3 Rxd4 32. Rdxd4 Rxd4 33. Rxd4 Qxd4+ 34. Kf1 e4 35. Qg4 Qd3+ 36. Kg2 Qd5 37. Qc8+ Kg7 38. Qc7+ Kf6 39. Qc3+ Qe5 40. Qc8 Qb2+ 41. Kh3 Qxa3 42. Qxb7 e3 43. Qc6+ Ke5 44. Qc5+ Ke4 45. Qc4+ Kf3 46. Qf1+ Ke4 47. Qc4+ Ke5 48. Qc5+ 1/2-1/2